MARC details
| 000 -LÍDER |
| Campo de controle fixo |
01367nam a22004457a 4500 |
| 001 - NÚMERO DE CONTROLE |
| Número de controle |
BR2025001211 |
| 003 - CÓDIGO MARC DA AGÊNCIA CATALOGADORA |
| Campo de controle |
BR-BrBNA |
| 005 - DATA E HORA DA ÚLTIMA ATUALIZAÇÃO |
| Campo de controle |
20250530094432.0 |
| 008 - CAMPO DE TAMANHO FIXO |
| Campo fixo de controle |
250530b bl.||||| |||| 00| 0 por d |
| 020 ## - ISBN - INTERNATIONAL STANDARD BOOK NUMBER |
| ISBN |
978-65-86913-20-0 |
| 040 ## - FONTE DA CATALOGAÇÃO |
| Agência catalogadora |
BR-BrBNA |
| Idioma da catalogação |
por |
| 041 ## - CÓDIGO DO IDIOMA |
| Código do Idioma |
(eng, por) |
| 072 ## - CATEGORIA AGRIS |
| Código da categoria de assunto/objeto |
<a href="S01 ; B50 ; L01 ; L02 ; L10 ; L70 ; E14 ; E21 ; E40">S01 ; B50 ; L01 ; L02 ; L10 ; L70 ; E14 ; E21 ; E40</a> |
| Código do objeto |
6100 ; 9610 ; 5300 |
| 090 ## - NÚMERO DE CHAMADA |
| Localização na estante |
S01 BR2025001211 |
| 100 0# - ENTRADA PRINCIPAL - NOME PESSOAL |
| Nome pessoal |
Costa, Keila Prado |
| 110 ## - ENTRADA PRINCIPAL - ENTIDADE |
| Nome da entidade ou lugar |
KPMO Cultura e Arte, São Paulo, SP (Brasil) |
| 245 ## - TÍTULO PRINCIPAL |
| Título principal |
Alimentando o mundo: a história e o legado da produção de aves, ovos e suínos no Brasil / Feeding the world: the history and legacy of production of poultry, eggs and pork in Brazil |
| 260 ## - IMPRENTA (PUBLICAÇÃO, DISTRIBUIÇÃO, ETC.) |
| Lugar de publicação, distribuição, etc. |
São Paulo, SP (Brasil) |
| Data de publicação, distribuição, etc |
2024 |
| 300 ## - DESCRIÇÃO FÍSICA |
| Extensão |
280 p. |
| Detalhes físicos adicionais |
il. |
| Dimensões |
23 x 28 cm |
| 500 ## - NOTA GERAL |
| Notas gerais |
13 ref.; 371 illus. |
| 650 ## - ASSUNTO - THESAGRO |
| Cabeçalho tópico ou nome geográfico |
PRODUTOR RURAL |
| 650 ## - ASSUNTO - THESAGRO |
| Cabeçalho tópico ou nome geográfico |
SEGURANÇA ALIMENTAR |
| 650 ## - ASSUNTO - THESAGRO |
| Cabeçalho tópico ou nome geográfico |
HISTÓRIA |
| 650 ## - ASSUNTO - THESAGRO |
| Cabeçalho tópico ou nome geográfico |
AVE |
| 650 ## - ASSUNTO - THESAGRO |
| Cabeçalho tópico ou nome geográfico |
OVO |
| 650 ## - ASSUNTO - THESAGRO |
| Cabeçalho tópico ou nome geográfico |
SUÍNO |
| 650 ## - ASSUNTO - THESAGRO |
| Cabeçalho tópico ou nome geográfico |
SANIDADE ANIMAL |
| 650 ## - ASSUNTO - THESAGRO |
| Cabeçalho tópico ou nome geográfico |
TECNOLOGIA |
| 650 ## - ASSUNTO - THESAGRO |
| Cabeçalho tópico ou nome geográfico |
MEIO AMBIENTE |
| 650 ## - ASSUNTO - THESAGRO |
| Cabeçalho tópico ou nome geográfico |
CADEIA PRODUTIVA |
| 650 ## - ASSUNTO - THESAGRO |
| Cabeçalho tópico ou nome geográfico |
COOPERATIVISMO |
| 650 ## - ASSUNTO - THESAGRO |
| Cabeçalho tópico ou nome geográfico |
AGROINDÚSTRIA |
| 650 ## - ASSUNTO - THESAGRO |
| Cabeçalho tópico ou nome geográfico |
GENÉTICA ANIMAL |
| 650 ## - ASSUNTO - THESAGRO |
| Cabeçalho tópico ou nome geográfico |
NUTRIÇÃO ANIMAL |
| 650 ## - ASSUNTO - THESAGRO |
| Cabeçalho tópico ou nome geográfico |
LOGÍSTICA |
| 650 ## - ASSUNTO - THESAGRO |
| Cabeçalho tópico ou nome geográfico |
RASTREABILIDADE |
| 650 ## - ASSUNTO - THESAGRO |
| Cabeçalho tópico ou nome geográfico |
MEIO AMBIENTE |
| 909 ## - IDENTIFICAÇÃO DO CATALOGADOR |
| Ano e mês da catalogação (aaaamm) |
202505 |
| Identificação do catalogador |
Fernando |
| 942 ## - TIPO ESPECÍFICO |
| Tipo de material |
Capítulo-Livro |
| 952 ## - LOCATION AND ITEM INFORMATION (KOHA) |
| -- |
2025-05-30 |